Print media and photojournalism / (Record no. 63700)

MARC details
000 -LEADER
fixed length control field 00434nam a22001577a 4500
005 - DATE AND TIME OF LATEST TRANSACTION
control field 20180701113108.0
010 ## - LCCN (DPL NO)
LC control number B-217691
020 ## - INTERNATIONAL STANDARD BOOK NUMBER
International Standard Book Number 8184050119
Terms of availability 575.00
035 ## - SYSTEM CONTROL NUMBER
System control number B-217691
037 ## - SOURCE OF ACQUISITION
Stock number DPL
Source of stock number/acquisition ENG
100 ## - MAIN ENTRY--PERSONAL NAME
Personal name Nandi, Charles
245 ## - TITLE STATEMENT
Title Print media and photojournalism /
Statement of responsibility, etc by Charles Nandi
260 ## - PUBLICATION, DISTRIBUTION, ETC. (IMPRINT)
Place of publication, distribution, etc New Delhi
Name of publisher, distributor, etc Reference Press
Date of publication, distribution, etc 2006
300 ## - PHYSICAL DESCRIPTION
Extent v, 244p.
Dimensions 18 cms.
942 ## - ADDED ENTRY ELEMENTS (KOHA)
Source of classification or shelving scheme Dewey Decimal Classification
Item type English Books
Classification part 070.1
Call number suffix NAN
Holdings
Withdrawn status Lost status Not for loan Collection code Home library Current library Date acquired Cost, normal purchase price Full call number Barcode Cost, replacement price Koha item type
      Non-fiction Sarojini Nagar Sarojini Nagar 02/03/2012 575.00 070.1 NAN B-217691 575.00 English Books

© Delhi Public Library
Hit Counter
free hit counter